LEADER 00940cam0 2200265 450 001 E600200033784 005 20210125123035.0 100 $a20080130d1978 |||||ita|0103 ba 101 $aita 102 $aIT 200 1 $aGruppi e sub-unità spaziali nella città$equartiere, vicinato ed "area naturale" tra miti, utopie e valutazioni critiche$fPaolo Guidicini 210 $aRoma$cCittà Nuova$d1978 215 $a267 p.$d18 cm 225 2 $aIdee$v33 410 1$1001LAEC00015496$12001 $a*Idee$v33 700 1$aGUIDICINI$b, Paolo$3AF00016867$4070$0440398 801 0$aIT$bUNISOB$c20210125$gRICA 850 $aUNISOB 852 $aUNISOB$j300$m28416 912 $aE600200033784 940 $aM 102 Monografia moderna SBN 941 $aM 957 $a300$b000608$gSi$d28416$racquisto$1pregresso3$2UNISOB$3UNISOB$420080130124737.0$520190703144905.0$6Spinosa 996 $aGruppi e sub-unità spaziali nella città$91684598 997 $aUNISOB